000 00488nam a2200193Ia 4500
003 GCL
008 140319s9999 xx 000 0 eng d
040 _aGCL /
_cGCL
082 0 4 _a709.024
_bM A
100 1 _aMURRAY, PETER
245 1 0 _aTHE ART OF THE RENAISSANCE /
_cMURRAY, PETER
700 1 _aMURRAY,LINDA
260 _a[S.N] :
_bTHAMES AND HUDSON ،
_c1963
300 _a286
650 0 4 _aARTS
650 0 4 _aART, RENAISSANCE
650 0 4 _aRENAISSANCE PERIOD
942 _2ddc
_cBK
999 _c19490
_d19490